| 000 | 00623nam a2200145Ia 4500 | ||
|---|---|---|---|
| 008 | 090124s9999 xx 000 0 und d | ||
| 082 | _b401331 | ||
| 245 | _a फोनने वाजवला बेंडबाजा (तीन अंकी बालनाट्य) | ||
| 250 | _a1 | ||
| 260 |
_bकेदार आनंद _c1981 |
||
| 300 | _a68 | ||
| 630 | _a फोनने वाजवला बेंडबाजा (तीन अंकी बालनाट्य) | ||
| 730 | _a फोनने वाजवला बेंडबाजा (तीन अंकी बालनाट्य) | ||
| 942 | _cBOOK | ||
| 999 |
_c197715 _d197715 |
||